ბათუმის შოთა რუსთაველის სახელმწიფო უნივერსიტეტის ბიბლიოთეკა

რიტუალის ასახვა ძველბერძნულ ლიტერატურაში : (ბიბ.ჩანაწერი № 59837)

000 -ლიდერი
ფიქსირებული სიგრძის საკონტროლო ველი 01337nam a22002297a 4500
003 - საკონტროლო ნომრის იდენტიფიკატორი
საკონტროლო ველი Ge_BSU
005 - ბოლო ოპერაციის თარიღი და დრო
საკონტროლო ველი 20230426161620.0
008 - ფიქსირებული სიგრძის მონაცემთა ელემენტები - ზოგადი ინფორმაცია
ფიქსირებული სიგრძის საკონტროლო ველი 230426s2001ge xxu||||| |||| 00| 0 geo d
020 ## - წიგნის საერთაშორისო სტანდარტული ნომერი
International Standard Book Number 9992865776
041 ## - ენის კოდი
Language code of text/sound track or separate title geo
080 ## - უნივერსალური ათობითი კლასიფიკაციის ინდექსი
Universal Decimal Classification number 821.14'04.09 რ-26
100 ## - მთავარი ჩანაწერი - პიროვნების სახელი
Personal name რატიანი, ნესტან, ავტ.
9 (RLIN) 17820
245 ## - ცნობა სათაურის შესახებ
Title რიტუალის ასახვა ძველბერძნულ ლიტერატურაში :
Remainder of title (ჰომეროსიდან ევრიპიდემდე) /
Statement of responsibility, etc ნესტან რატიანი, [რედ. რისმაგ გორდეზიანი]
264 ## - წარმოების, გამოცემის, დისტრიბუციის და სხვა ცნობები
გამოცემის, წარმოების, დისტრიბუციის... ადგილი თბილისი :
გამოცემის, წარმოების, დისტრიბუციის... სახელწოდება ლოგოსი,
გამოცემის, წარმოების, დისტრიბუციის... თარიღი 2001.
300 ## - ფიზიკური აღწერა
Extent 247 გვ. ;
Other physical details 20 სმ.
504 ## - BIBLIOGRAPHY, ETC. NOTE
Bibliography, etc ბიბლიოგრ. ტექსტის შენიშვნ
653 ## - INDEX TERM--UNCONTROLLED
Uncontrolled term ძველბერძნული ლიტერატურა.
653 ## - INDEX TERM--UNCONTROLLED
Uncontrolled term რიტუალის ასახვა ლიტერატურაში
700 ## - ADDED ENTRY--PERSONAL NAME
Personal name გორდეზიანი, რისმაგ
Relator term რედაქტორი
9 (RLIN) 17821
710 ## - ADDED ENTRY--CORPORATE NAME
Corporate name or jurisdiction name as entry element თსუ, კლასიკ. ფილოლოგიის, ბიზანტინისტიკისა და ნეოგრეცისტიკის ინ-ტი
9 (RLIN) 13952
942 ## - ADDED ENTRY ELEMENTS (KOHA)
Source of classification or shelving scheme
Koha item type წიგნი
ეგზემპლარები
ჩამოწერის სტატუსი დაკარგული ეგზემპლარის სტატუსი კლასიფიკაციის წყარო ან თაროზე გაწყობის სქემა დაზიანების სტატუსი არ გაიცემა მუდმივი მდებარეობა (დაცვის ადგილი) ამჟამინდელი ადგილსამყოფელი თაროზე განთავსების ადგილი შეძენის თარიღი ღირებულება, შესყიდვის ნორმალური ფასი სრული შენახვის შიფრი შტრიხკოდი ბოლო ოპერაციის თარიღი ეგზემპლარის მიმდევრობითი ნომერი (კეტერი?) Uniform Resource Identifier ფასის ძალაში შესვლის თარიღი ეგზემპლარის სახეობა საჯარო შენიშვნა
          ბათუმის შოთა რუსთაველის სახელმწიფო უნივერსიტეტის მთავარი ბიბლიოთეკა ბათუმის შოთა რუსთაველის სახელმწიფო უნივერსიტეტის მთავარი ბიბლიოთეკა წიგნსაცავი 2023-04-26 6.00 821.14'04.09 რ-26 64313 2023-04-26 64313 ბსუ-ს საპატიო დოქტორის გურამ ლორთქიფანიძის საჩუქარი 2023-04-26 წიგნი 6.00
          ბათუმის შოთა რუსთაველის სახელმწიფო უნივერსიტეტის მთავარი ბიბლიოთეკა ბათუმის შოთა რუსთაველის სახელმწიფო უნივერსიტეტის მთავარი ბიბლიოთეკა წიგნსაცავი 2023-04-26 6.00 821.14'04.09 რ-26 64314 2023-04-26 64314 ბსუ-ს საპატიო დოქტორის გურამ ლორთქიფანიძის საჩუქარი 2023-04-26 წიგნი 6.00